000 00641nam a22001817a 4500
999 _c332431
_d332431
003 NUST
005 20171205105725.0
008 150414b xxu||||| |||| 00| 0 eng d
040 _cNUST
082 _a297
_bABD
100 _92536
_aAbdul Waheed Khan
245 _aQurani maloomat /
_cAbdul Waheed Khan
260 _aKarachi:
_bGroup Captain(R) Abdul Waheed Khan
_c2017
300 _a260 p. :
_c22 cm.
650 _92537
_aIslam, Quran
_xGeneral
880 _6100-01\(3\r
_aعبد الوحید خان
880 _6245-02\(3\r
_aقرآنی معلومات
_cعبدالوحید خان
880 _6260-03\(3\r
_aکراچی:
_bگروپ کیپٹن عبد الوحید خان
_c2017
942 _2ddc
_cBK